A canadian play; une plaie Canadienne

Uloženo v:
Podrobná bibliografie
Hlavní autor: Germain, Jean Claude
Médium: Kniha
Jazyk:Undetermined
Vydáno: Montreal, Canadá VLB. Editeur 1983
Témata:
Tagy: Přidat tag
Žádné tagy, Buďte první, kdo vytvoří štítek k tomuto záznamu!

MARC

LEADER 00000nam a2200000Ia 4500
008 170316s9999 xx 000 0 und d
040 |a cru BVZT 
090 |a 818 G-8a 
100 |a Germain, Jean Claude 
245 2 |a A canadian play; une plaie Canadienne 
260 |a Montreal, Canadá 
260 |b VLB. Editeur 
260 |c 1983 
300 |a 222 páginas 
650 |a LITERATURA CANADIENSE 
999 |c 6458  |d 6458 
942 |c 15 D  |h 818 G-8a  |2 z